02686nkc a2200373za 450000100060000000300040000600500170001000700070002700800410003404000240007510000410009924500470014026000240018730001000021150003220031150001930063350000650082650001340089150001700102550400520119550500450124751001510129251002100144356101300165361000660178365100260184965500400187570000600191585200120197585601500198794200250213795201330216299900170229584630OSt20260323120304.0kh boc250410s19101911sp ||||| ||||||0| i|spa d aM-RABAbspacM-RABA1 aElorza, Lorenzod(1861-1931)911106810aLubianob: Ventana de la iglesia c/ L. E. c[ca. 1910 – 1911] a1 fotografía b: gelatina de plata c; imagen 17 x 12 cmc; soporte secundario 26,5 x 21,5 cm aVista de una de las ventanas de la iglesia parroquial de la Natividad en Lubiano. El muro presenta alternancia entre piezas grandes de sillar, sillarejo y mampostería. La ventana está formada por dos arquivoltas apuntadas con leve moldura, apoyadas en dos parejas de columnas de fuste liso con capiteles tallados. aFotografía montada sobre soporte secundario de cartulina azul enmarcada con orla en relieve. Título y numeración manuscrita que hace referencia a la posición en la serie “114”. aSello con monograma del fotógrafo en tinta roja “L.E.” aFechas tomadas de la ejecución del positivo de las fotografías, incluido el soporte secundario. (Soto Madrazo, Javier. 2008). aForma parte de un conjunto de 167 fotografías empleadas por Federico Baráibar Zumárraga para la elaboración del Inventario del Románico en Álava (1911).  aBaraibar, F.: "Rincones artísticos", M. 1914. aLubiano.- Ventana de la Iglesia. / L. E. aDescripción tomada de: Soto Madrazo, Javier (2008). Federico Baraibar y el Inventario del Románico en Álava: una caja con 167 fotografías. aEsta colección fue utilizada posteriormente por Cristóbal de Castro para la elaboración y publicación del "Catálogo Monumental de España: provincia de Álava", Madrid, S. de Rivadeneira, 1915. aDonadas junto con la memoria manuscrita a la Academia por el mismo Baraibar (Sesión 12 de febrero de 1912, Archivo: 4-32-1)27aIglesia de la Natividad de Nuestra Señora (Lubiano)9111637 7aÁlava2embne975661 0aFotografías de monumentos91115801 aBaráibar y Zumárraga, Federico d(1851-1918)912926 jFot-223 3Fot-223uhttps://archivoybiblioteca.realacademiabellasartessanfernando.com/cgi-bin/koha/opac-retrieve-file.pl?id=da78b5518bf91c29c422e56d039fb9b1 2ddccFOTOGRAFÍAn0 00102ddc40708FOTOGRAFIAaRABASFbRABASFcDP2d2025-04-30l0oFot-223p1095516r2025-04-30 09:54:05w2025-04-30yFOTOGRAFÍA c84630d84630